[Event "Hoogovens-B"]
[Site "Wijk aan Zee"]
[Date "1989.01.27"]
[Round "10"]
[White "Nijboer, Friso"]
[Black "Hodgson, Julian M"]
[Result "1/2-1/2"]
[WhiteElo "2445"]
[BlackElo "2545"]
[Annotator "ChessBase"]
[PlyCount "127"]
[EventDate "1989.01.16"]
[EventType "tourn"]
[EventRounds "11"]
[EventCountry "NED"]
[EventCategory "10"]
[SourceTitle "CBM 012"]
[Source "ChessBase"]
[SourceDate "1989.10.01"]
[SourceVersion "1"]
[SourceVersionDate "1989.10.01"]
[SourceQuality "1"]

1. e4 d6 2. d4 g6 3. f4 Bg7 4. Nc3 a6 $6 5. Nf3 b5 6. Bd3 Bb7 $6 {6...Nd7!?} 7.
O-O Nd7 8. e5 $1 Nh6 9. a4 $1 b4 {>= 9....bxa4} 10. Ne4 O-O 11. Qe1 $1 a5 12.
Qh4 $1 (12. e6 f5 $1 13. exd7 fxe4 $10) 12... Nf5 13. Qh3 e6 (13... c5 14. e6
Nf6 15. Nfg5 $40) 14. g4 Nxd4 $5 (14... Nh6 15. Nf6+ Nxf6 16. exf6 {/\ g4-g5})
(14... Ne7 15. Nfg5 h6 16. f5 $1 $40) 15. Nxd4 dxe5 16. Nf3 $16 c5 17. f5 $1 c4
18. Nfg5 h6 19. fxg6 $2 (19. Bxc4 $1 hxg5 20. fxg6 $18) 19... fxg6 $1 (19...
cxd3 $2 20. gxf7+ $18) 20. Bxc4 (20. Nxe6 $2 Qb6+) 20... Rxf1+ 21. Kxf1 (21.
Qxf1 Qb6+ {/\ 22...hxg5}) 21... Nf8 $1 {Das hatte Weiss übersehen} (21... hxg5
$2 22. Bxe6+ $18) 22. Qd3 (22. Nxe6 Qd1+ 23. Kf2 Qxc2+ 24. Nd2 Nxe6 25. Bxe6+
Kh7 $40) 22... hxg5 23. Qxd8 Rxd8 24. Nc5 Bd5 25. Bb3 e4 26. Bxg5 Rc8 27. Be3
Bxb2 28. Rd1 Rd8 29. Ke2 Bf6 30. Na6 Rc8 31. Nc5 Rd8 32. Na6 Rd7 33. Nc5 Rd8
34. Na6 g5 $6 35. Nc7 Bxb3 36. cxb3 Rc8 37. Nb5 Be7 38. Rc1 Rd8 39. Nd4 Rd5 40.
Rc8 Kf7 41. Nc6 Ng6 42. Rc7 Kf6 $2 $18 (42... Ke8 $1 $15 43. Ra7 Bc5 44. Rxa5 (
44. Bxc5 Rxc5 45. Nxa5 Rc3 $15) 44... Nf4+) 43. Nxe7 Nxe7 44. h4 $1 gxh4 45.
g5+ Kf7 46. Bc5 Rxc5 47. Rxc5 Nf5 48. Rxa5 h3 49. Rc5 Kg6 (49... h2 50. Rc1
Ng3+ 51. Ke3 h1=Q 52. Rxh1 Nxh1 53. a5 $1 $18) 50. Kf1 (50. a5 $2 h2 $1 51. Rc1
Nd4+ {/\ 52...Nxb3}) 50... Kxg5 51. a5 Kf4 52. a6 Kg3 53. Rc1 $2 $10 (53. Rc2
$10 Ne3+ 54. Kg1 Nxc2 55. a7 e3 56. a8=Q e2 57. Qg2+ $1 $10 hxg2) (53. Kg1 $1
$18 e3 54. Kh1 $1 (54. Re5 $2 h2+ 55. Kh1 Kh3 $19 {/\ ...Nf5-g3#}) 54... h2 (
54... e2 55. Re5 $18) 55. Rc2 $1 $18) 53... h2 54. Ke2 Nd4+ $1 (54... Kg2 55.
a7 Ng3+ 56. Ke3 Nf1+ 57. Kd4 h1=Q 58. a8=Q $14) 55. Ke3 Nxb3 56. Rb1 (56. Rc8
$2 Na5 $1 57. a7 Nc4+ 58. Rxc4 h1=Q 59. a8=Q Qg1+ 60. Kd2 Qf2+ 61. Kd1 Qf1+ $19
) 56... Na5 57. a7 Nc4+ 58. Kxe4 Nb6 59. Ke5 Kg2 60. Rb2+ Kg3 61. Rb3+ Kg2 62.
Rb2+ Kg3 63. Rb1 Kg2 64. Kd4 (64. Kd4 {Begründung des Remis} h1=Q {Abgabezug}
65. Rxh1 Kxh1 66. Kc5 Na8 67. Kxb4 e5 68. Kc5 e4 69. Kd4 Kg2 70. Kxe4 Kg3 71.
Kd5 Kf4 72. Kc6 Ke5 73. Kb7 Kd6 74. Kxa8 Kc7 $10) 1/2-1/2

[Event "Dos Hermanas op"]
[Site "Dos Hermanas"]
[Date "1998.??.??"]
[Round "5"]
[White "Cifuentes Parada, Roberto"]
[Black "Wojtkiewicz, Aleksander"]
[Result "1-0"]
[WhiteElo "2535"]
[BlackElo "2535"]
[Annotator "Cifuentes Parada,L"]
[PlyCount "101"]
[EventDate "1998.04.17"]
[EventType "swiss"]
[EventRounds "9"]
[EventCountry "ESP"]
[SourceTitle "CBM 065"]
[Source "ChessBase"]
[SourceDate "1998.08.06"]
[SourceVersion "1"]
[SourceVersionDate "1998.08.06"]
[SourceQuality "1"]

1. d4 g6 {[#] (3) 0.09/1} 2. e4 Bg7 {[#] (1) -0.16/1} 3. Nc3 d6 4. g3 {[#] (3)
0.34/4} Nc6 5. Nge2 Bg4 $6 {[#] (3) -0.13/2} (5... Nf6 6. h3 $1 O-O {[#] (3)
-0.09/1} 7. Bg2 e5 8. Be3 $14) 6. Qd3 {[#] (3) 0.03/6} Qd7 {[#] (3) -0.13/6} (
6... e5 7. d5 Nce7 8. h3 $6 {[#] (3) 0.66/4} (8. Bg2 $1) 8... Bd7 {[#] (3) -0.
34/3} 9. Bg5 {[#] (3) 0.38/1} f6 {[#] (1) -6.34/1} 10. Be3 {[#] (3) 0.41/1} f5
{[#] (3) -0.31/2} 11. f3 {[#] (3) -0.06/8} Nf6 {[#] (3) -0.16/1} 12. g4 {
[#] (3) 0.13/3} O-O $13 {Vasquez,R-Azmaiparashvili,Z/Sevilla op 1994/TD 94\02/
1/2-1/2 (53) [#] (3) 0.03/4}) 7. a3 {[#] (1) 0.25/1} (7. Bg2 e5 {[#] (3) 0.16/6
} 8. d5 {[#] (3) 0.16/7} Nb4 {[#] (1) -0.41/1} 9. Qd1 {[#] (3) 0.06/6} Bh3 {
[#] (3) -0.22/8} 10. O-O {[#] (3) 0.22/10} Bxg2 {[#] (1) -0.09/1} 11. Kxg2 {
[#] (3) 0.16/2} f5 {[#] (3) -0.28/6} 12. f4 $13 {[#] (3) 0.06/8}) 7... f5 {
[#] (3) -0.09/7} (7... e5 8. d5 {[#] (3) 0.03/2} Nd4 {[#] (3) -0.75/7} 9. Nxd4
{[#] (3) 1.09/7} exd4 {[#] (2) -0.41/1} 10. Nb5 $1 {[#] (3) -1.06/1} Qe7 {
[#] (3) -1.06/9} 11. Nxd4 {[#] (1) -1.78/1} Nf6 {[#] (3) -1.13/8} 12. f3 {
[#] (3) 1.06/1} Bd7 {[#] (3) -1.25/6} 13. Be3 O-O {[#] (3) -1.16/6} 14. Bg2
Rfe8 {[#] (1) -3.31/1} 15. Kf2 $18 {Reitz,G-Bomert,E/Hessen-ch qual-A 1989/GER
02 (51) [#] (3) -0.16/2}) 8. f3 {[#] (3) 0.19/1} fxe4 {[#] (3) -0.13/6} 9. Nxe4
$2 {[#] (3) 0.19/4} (9. fxe4 $1 Nf6 {[#] (3) -0.06/6} 10. h3 {[#] (3) 0.28/5} (
10. Bg2 {[#] (3) 0.25/8} O-O {[#] (3) -0.13/2} 11. O-O {[#] (3) 0.34/8} e5 {
[#] (3) -0.13/8} 12. d5 {[#] (3) 0.13/6} Ne7 {[#] (3) -0.13/7} 13. Bg5 $11 {
[#] (3) 0.06/9}) 10... Bxe2 {[#] (3) -0.28/6} 11. Bxe2 {[#] (3) 0.25/8} e5 {
[#] (1) -2.16/1} 12. d5 {[#] (3) 0.13/8} Nd4 {[#] (3) -0.03/5} 13. Be3 {
[#] (3) 0.16/8} Nxe2 {[#] (3) -0.22/8} 14. Qxe2 {[#] (3) 0.19/9} Nh5 {[#] (3)
-0.22/10} 15. Qg2 $14 {[#] (3) 0.03/8}) 9... Bf5 {[#] (3) -0.13/5} 10. g4 {
[#] (3) -0.06/7} Bxe4 {[#] (3) -0.06/3} 11. Qxe4 {[#] (3) -0.03/7} Nf6 {
[#] (2) -2.44/1} 12. Qd3 {[#] (3) -0.13/4} e5 $1 {[#] (3) 0.06/1} 13. Bg5 {
[#] (3) 0.09/8} O-O {[#] (3) 0.31/8} 14. O-O-O {[#] (3) -0.16/1} Qf7 $1 {
[#] (3) 0.13/5} 15. Kb1 $6 {[#] (3) 0.13/7} (15. Bg2 $8 Qa2 {[#] (3) 0.22/7}
16. dxe5 {[#] (3) -0.28/6} (16. d5 Ne7 {[#] (3) 0.63/7} 17. Nc3 {[#] (3) -0.66/
8} Qa1+ {[#] (3) 0.69/6} 18. Nb1 $17 {[#] (2) -0.72/9}) 16... Nxe5 {[#] (3) 0.
28/4} 17. Qb3+ {[#] (3) -0.28/4} Qxb3 18. cxb3 {[#] (3) -0.59/2} Rae8 {[#] (3)
0.22/7} 19. Nc3 $15 {[#] (3) -0.28/7}) 15... Nd7 $1 $17 {[#] (3) 0.19/6} 16. d5
{[#] (3) -0.34/7} Nc5 {[#] (2) -1.22/1} 17. Qc4 {[#] (3) -0.59/9} Nd4 {[#] (3)
0.69/6} 18. Nxd4 {[#] (3) 0.44/2} exd4 19. Bg2 b5 {[#] (3) -0.03/6} 20. Qe2 {
[#] (3) -4.72/1} a5 {[#] (3) 0.25/6} 21. Rhe1 {[#] (3) 0.16/4} h6 {[#] (3) -0.
28/2} 22. Bd2 {[#] (3) -0.19/6} b4 {[#] (1) -8.88/1} 23. Qc4 {[#] (3) -0.59/6}
bxa3 {[#] (3) 1.13/6} 24. bxa3 d3 {[#] (3) 0.47/1} 25. c3 $8 {[#] (3) -1.41/4}
Rab8+ {[#] (1) -2.53/1} 26. Ka2 {[#] (1) -10.66/1} Na4 $1 {[#] (3) 0.53/2} 27.
Rb1 {[#] (3) 1.25/4} (27. Qxa4 $142 Qxd5+ {[#] (3) -1.59/2} 28. Ka1 {[#] (1)
-8.78/1} Qc5 $1 {[#] (3) -1.66/1} 29. Rc1 {[#] (3) 1.19/2} Qf2 {[#] (3) 0.75/4}
30. Qc4+ {[#] (3) -0.94/6} Kh8 {[#] (3) 0.84/2} 31. Qxd3 {[#] (3) -1.00/1} Qxg2
{[#] (3) 0.84/5} 32. Re7 {[#] (3) -2.38/1} Rxf3 {[#] (3) 0.44/5} 33. Qxg6 {
[#] (3) 0.25/2} Rg8 $1 {[#] (3) 0.44/5} 34. Be1 {[#] (3) -0.47/7} Rf2 {[#] (3)
0.38/5} 35. Qb1 {[#] (3) -0.59/10} Re2 $17 {[#] (3) -1.66/1}) 27... Nb6 {
[#] (3) 0.78/6} 28. Qxd3 {[#] (3) -0.59/2} Nxd5 {[#] (3) 0.59/6} 29. Ka1 {
[#] (3) -0.44/6} (29. c4 Qf6 $3 {[#] (3) 0.44/7} (29... Nf4 {[#] (3) 0.44/7}
30. Bxf4 {[#] (3) -0.56/7} Qxf4 $17 {[#] (1) 0.22/1}) 30. Qxd5+ {[#] (3) -0.66/
7} Kh8 {[#] (3) -2.19/5} 31. a4 {[#] (3) -1.97/10} (31. Rb5 Qb2+ $3 {[#] (3) 1.
88/8} 32. Rxb2 {[#] (1) 6.88/1} Rxb2+ {[#] (1) -6.78/1} 33. Ka1 {[#] (1) 6.81/1
} Rfb8 $1 $19 {[#] (3) 10.53/9}) 31... Rb2+ {[#] (3) 2.34/7} 32. Ka3 {[#] (3)
1.81/3} Rfb8 $19 {[#] (3) -2.38/3}) 29... Nxc3 $1 $19 {[#] (2) 0.28/1} 30. Bxc3
{[#] (3) 1.38/1} Rb3 $138 {[#] (3) -1.38/1} 31. Rxb3 {[#] (3) -1.91/5} Qxb3 {
[#] (3) 1.94/6} 32. Rc1 {[#] (3) -1.72/8} (32. Re3 Qxa3+ {[#] (3) 1.63/9} 33.
Kb1 {[#] (1) -0.44/1} Rb8+ {[#] (3) 1.59/5} 34. Kc2 {[#] (3) -1.63/6} Qa4+ $1 {
[#] (3) 1.19/6} 35. Kc1 {[#] (2) -2.25/8} Bxc3 {[#] (3) 0.34/6} 36. Qd5+ (36.
Qxc3 {[#] (3) -2.81/9} Qa2 $19 {[#] (3) 3.69/8}) 36... Kf8 {[#] (3) 2.72/9} 37.
Rxc3 {[#] (3) -2.09/5} Qa1+ {[#] (3) 3.00/8} 38. Kd2 {[#] (2) -2.94/7} Qg1 $19
{[#] (3) 2.13/7}) 32... Rb8 $4 {[#] (3) #6/9} (32... Qxa3+ 33. Kb1 {[#] (1) -0.
63/1} Qb3+ {[#] (2) -4.44/1} 34. Ka1 {[#] (1) -#1/1} Qa4+ $1 {[#] (3) #4/1} 35.
Kb1 {[#] (2) -#3/2} Rb8+ $19) 33. Qc2 $1 $19 {[#] (3) -0.56/7} Qxa3+ {[#] (3)
0.28/9} 34. Qa2+ {[#] (1) -0.22/1} Rb3 {[#] (3) 0.16/9} 35. Qxa3 {[#] (3) -0.
25/8} Rxa3+ 36. Kb2 Rxc3 {[#] (3) -1.19/7} 37. Rxc3 {[#] (1) 1.31/1} d5 {
[#] (3) -1.03/7} 38. f4 {[#] (3) 1.59/1} c6 {[#] (3) -1.38/6} 39. Kb3 {[#] (1)
0.66/1} Bxc3 {[#] (3) -0.97/4} 40. Kxc3 {[#] (1) 1.34/1} Kg7 {[#] (3) -1.19/1}
41. g5 $1 {[#] (3) 0.84/3} hxg5 {[#] (3) -0.84/7} 42. fxg5 Kf7 43. Bf1 c5 {
[#] (3) -1.34/8} 44. Bd3 a4 {[#] (3) -1.41/8} 45. Bc2 {[#] (3) 0.91/1} d4+ {
[#] (3) -1.28/6} 46. Kc4 {[#] (3) 2.34/8} a3 {[#] (3) -2.34/3} 47. Kb3 {
[#] (3) 1.97/7} c4+ {[#] (3) -1.16/3} 48. Kxa3 d3 49. Bd1 Ke6 50. Kb4 Kf5 51.
h4 1-0

[Event "POR-ch m"]
[Site "Barreiro"]
[Date "1996.??.??"]
[Round "6"]
[White "Damaso, Rui"]
[Black "Silva, Fernando"]
[Result "1/2-1/2"]
[WhiteElo "2415"]
[BlackElo "2365"]
[Annotator "Costa,L"]
[PlyCount "57"]
[EventDate "1996.??.??"]
[EventType "match"]
[EventRounds "6"]
[EventCountry "POR"]
[SourceTitle "EXT 1997"]
[Source "ChessBase"]
[SourceDate "1996.11.15"]
[SourceVersion "1"]
[SourceVersionDate "1996.11.15"]
[SourceQuality "1"]

1. e4 g6 2. d4 Bg7 3. Nf3 c6 4. c3 d5 5. e5 Nh6 6. Bd3 $146 f6 7. Bf4 O-O 8.
Nbd2 Na6 9. Qe2 Nc7 10. O-O-O Ne6 11. Bg3 Nf7 12. h4 fxe5 {[#]} 13. h5 $5 e4
14. hxg6 Nd6 $1 (14... hxg6 15. Nxe4 dxe4 16. Qxe4 Nh8 (16... Qe8 17. Bc4 (17.
Qxg6 $2 Nfg5 18. Qxe8 Rxe8 19. Nxg5 $10) 17... Nfd8 18. Ng5 Rf6 19. Bc7 Kf8 20.
Nh7+ Kf7 21. Bxd8 Qxd8 22. Ng5+ Ke8 23. Nxe6 {+- Santos,L}) (16... Re8 17. Qxg6
Nf8 18. Qe4 Nd6 $16) 17. Rxh8+ $1 Kxh8 (17... Bxh8 18. Qxg6+ Ng7 (18... Bg7 19.
Qh7+ Kf7 20. Bg6+ Kf6 21. Be5#) 19. Ng5 Bf5 20. Qh7+ $1 Bxh7 21. Bxh7# {
Santos,L}) 18. Qxg6 Rf5 $8 (18... Kg8 19. Qh7+ {-> 17...Bxh8}) 19. Rh1+ Kg8 20.
Qh7+ Kf8 21. Bxf5 {+-}) 15. gxh7+ Kh8 16. Ne5 Qe8 $1 (16... Rf6 17. Bc2 Nf8 18.
f3 Bf5 19. fxe4 {+-}) (16... exd3 $4 17. Ng6#) 17. Bc2 (17. Qh5 $5) 17... Nf5
18. Qg4 Rf6 (18... Nxg3 19. Qxg3 Nf4 20. Kb1 {+-}) 19. Bxe4 dxe4 20. Nxe4 Nf8
$1 21. Nxf6 (21. Bf4 $5) 21... exf6 22. Nc4 Qf7 23. Qe2 Nxg3 24. fxg3 Qg6 {[#]}
25. Nd6 $6 (25. Rde1 $5) 25... Bh6+ 26. Rxh6 Qxh6+ 27. Kb1 Qg6+ 28. Qc2 Qxc2+
29. Kxc2 1/2-1/2

[Event "Nussloch"]
[Site "Nussloch"]
[Date "1996.??.??"]
[Round "6"]
[White "Dautov, Rustem"]
[Black "Hickl, Joerg"]
[Result "0-1"]
[WhiteElo "2615"]
[BlackElo "2580"]
[Annotator "Dautov,R"]
[PlyCount "72"]
[EventDate "1996.??.??"]
[EventType "tourn"]
[EventRounds "11"]
[EventCountry "GER"]
[EventCategory "15"]
[SourceTitle "CBM 053"]
[Source "ChessBase"]
[SourceDate "1996.08.01"]
[SourceVersion "1"]
[SourceVersionDate "1996.08.01"]
[SourceQuality "1"]

1. d4 {Stohl} d6 2. e4 g6 3. Nc3 Bg7 4. Nge2 (4. g3 {Stohl} c6 (4... Nf6 5. Bg2
O-O 6. Nge2 e5 7. O-O Nbd7 8. h3 c6 9. a4 Re8 10. Be3 b6 (10... Qe7 11. Re1 a5
12. Qd2 b6 13. g4 Bb7 14. Ng3 Red8 15. Rad1 Ne8 16. f4 Nc7 17. dxe5 dxe5 18. f5
Nc5 19. Qf2 Bf8 20. Bf1 Ba6 21. Bxa6 N7xa6 22. Kg2 Rxd1 23. Rxd1 $14 {Dubiel,
J-Maiwald,J/Altensteig op/1994/}) (10... Qc7 11. g4 b6 12. f4 Bb7 13. dxe5 dxe5
14. f5 h6 15. fxg6 fxg6 16. Qc1 Kh7 17. g5 hxg5 18. Bxg5 Rf8 19. Qe1 Rf7 20.
Qh4+ Kg8 21. Rf3 Raf8 22. Raf1 Nh5 23. Be7 Bf6 $10 {Van der Werf,M-Hommeles,T/
NLD-chT 9596/1995/}) 11. Qd2 (11. Qc1 Ba6 12. Re1 Qc7 13. Bh6 Bxe2 14. Bxg7
Kxg7 15. Nxe2 d5 16. exd5 Nxd5 17. dxe5 Nxe5 18. Nf4 Nf6 19. Qd2 Re7 20. Qc3
Rae8 21. Re3 h5 22. Rae1 Qd6 23. Nd3 Nxd3 24. Rxe7 Rxe7 25. Rxe7 Qxe7 26. cxd3
c5 $10 {Prandstetter,E-Smejkal,J/Hradec Kralove/1981/}) 11... Bb7 12. Rfd1 a6
13. dxe5 dxe5 14. g4 Re7 15. a5 Qc7 16. g5 Ne8 17. axb6 Nxb6 18. b3 Bf8 19. Na4
Nxa4 20. Rxa4 Re6 21. Qd7 Rd6 22. Rxd6 Bxd6 23. Qxc7 $14 {[%csl Ra6,Rc6] _|_ק,
Barlov,D-Pribyl,J/Sochi/1984/}) 5. a4 (5. Bg2 Nf6 6. h3 Qc7 7. Nge2 e5 8. Be3
Nbd7 9. O-O O-O 10. Qd2 Re8 11. g4 b5 12. a3 a6 13. Ng3 Nb6 14. b3 Bb7 15. Rad1
Rad8 16. f4 exd4 17. Bxd4 c5 18. Bf2 b4 19. axb4 cxb4 20. Nd5 Nbxd5 21. exd5 a5
$132 {Rechinsky,A-Sirotkina,N/St.Petersburg op-Petrov/1996/}) 5... d5 $6 6. e5
Nh6 7. Nf3 Bg4 8. Bg2 Nf5 9. h3 Bxf3 10. Bxf3 e6 11. Ne2 f6 12. Nf4 Kf7 13.
exf6 Qxf6 14. c3 Nd7 15. O-O Rhe8 16. Nd3 Kg8 17. Bf4 Qf7 {Liiva,R-Ehlvest,J/
Tallin Keres mem 25'/1996/} 18. Re1 $36) 4... Nd7 5. Be3 (5. g3 {Stohl} b6 (
5... a6 6. a4 Ngf6 7. Bg2 O-O 8. O-O Rb8 9. a5 Kh8 10. h3 Ng8 11. Be3 c6 12.
Qd2 b5 13. axb6 Nxb6 14. b3 Qc7 15. Na4 Nd7 16. Ra2 f5 17. exf5 Rxf5 18. Nf4
Ndf6 19. g4 Ra5 20. d5 c5 21. g5 $16 {Bednarski,J-Feustel,B/Hamburg op/1981/})
(5... e5 6. Bg2 Ne7 7. Be3 O-O 8. h3 b6 9. Qd2 Bb7 10. O-O Re8 11. d5 f5 12. f3
Rf8 13. Nb5 Nf6 14. c4 Rf7 15. Rac1 Qd7 16. b4 a5 17. a3 Rff8 18. Nbc3 axb4 19.
axb4 Ba6 20. c5 bxc5 21. bxc5 Bxe2 22. Nxe2 $16 {Hertneck,G-Schneider,Bhd/BL
8485/1985/}) (5... c5 $5 6. Bg2 cxd4 7. Nxd4 Ngf6 8. O-O O-O 9. Kh1 Ne5 $6 10.
f4 Nc6 11. Nxc6 bxc6 12. e5 dxe5 13. Qxd8 Rxd8 14. Bxc6 Bh3 15. Bxa8 Bxf1 16.
Bf3 Bh3 17. Be3 exf4 18. Bxa7 Ng4 19. Rd1 Rxd1+ 20. Nxd1 g5 21. Bg2 $16 {
[%csl Ga2,Gb2,Gc2] _|_o^a,b,c,Prandstetter,E-Petran,P/CS-chT/1992/}) 6. Bg2 Bb7
7. O-O e6 8. Be3 Ne7 9. Qd2 O-O 10. Bh6 d5 11. Bg5 Nf6 12. exd5 exd5 13. Rfe1
Re8 14. Nf4 c6 15. Nd3 Nf5 16. Ne5 h6 17. Bxf6 Qxf6 18. f4 Rad8 19. Nd1 c5 20.
c3 h5 21. Ne3 Bf8 22. a3 $14 {Rogers,I-Todorovic,GM/Bor/1984/}) 5... c6 {N} (
5... Ngf6) (5... e5) (5... Ngf6 {Stohl} 6. h3 b5 $5 7. a3 Bb7 8. d5 a6 9. Qd2
c5 10. Bh6 Bxh6 11. Qxh6 b4 12. axb4 cxb4 13. Nd1 Nxe4 14. Qg7 Rf8 15. Qxh7
Bxd5 16. Nf4 Nef6 17. Qh6 e5 18. Nxd5 Nxd5 19. Qd2 N7b6 20. Rxa6 Rxa6 21. Bxa6
Rh8 22. Bb7 Nf4 23. Qxb4 Qc7 24. Bf3 f5 25. Ne3 Kf7 $44 {[%csl Gd6,Ge5,Gf5] @
[+],Hansen,L-From,S/DEN-ch qual Randers/1990/}) 6. a4 Ngf6 7. Ng3 (7. h3 $5 e5
8. g4 (8. g3 O-O 9. Bg2 Re8 10. O-O $14 {-4.g3})) 7... h5 $5 8. f3 (8. Be2 h4
9. Nf1 e5 10. Nd2 Ng4 $1 11. Bxg4 exd4 12. Nc4 dxe3 13. Nxd6+ Ke7 14. fxe3 Be5
$44) (8. h4 Ng4 9. Bc1 e5 $132) 8... h4 9. Nge2 e5 10. Qd2 Qc7 11. dxe5 (11.
Nc1 $142 {Stohl} Nf8 12. Nb3 $14) 11... dxe5 {Relieving the central tension
helps Black. With the symmetrical structure Pe4/e5 White has no more any space
advantage and he also can't occupy or penetrate via the d-file.} (11... Nxe5 $6
12. Nd4 h3 13. g3 c5 $2 14. Ndb5 $16) 12. Nc1 Nf8 13. Nb3 Be6 (13... Ne6 {Stohl
} 14. Bc4 $14) 14. Nc5 N6d7 (14... Rd8 $6 15. Qf2 Bh6 16. Bxh6 (16. Qxh4 Bxe3
$13) 16... Rxh6 17. Nxe6 Nxe6 18. Qxa7 h3 19. gxh3 Nd4 20. O-O-O $16) 15. Nxe6
(15. Nxd7 $5 {Stohl} Qxd7 $10) 15... Nxe6 {Thanks to strong central control,
especially of the black squares, White's B-pair has no chance to show it's
strength, White must fight for equality.} 16. Bc4 {Während der Partie war ich
der Meinung, daß mein Bc4 bei weitem wichtiger ist als der schwarze Springer
auf d4. Es mag stimmen, bedarf aber noch eines Beweises.} Nd4 17. O-O (17. f4 {
Stohl} h3 $1 $36) 17... O-O-O {Castling Q-side certainly isn't typical for
Black in this opening, but here it's well motivated-Black's R are on their
best squares and White can hardly think of a Q-side pawn storm.} 18. Qf2 $2 {
Dieser automatische Zug ist die Ursache für alle auf Weiß zukommenden Probleme.
Allein der Symmetrie wegen (der schwarze Bauer steht schon auf h4), aber
hauptsächlich um den schönen Bc4 abzusichern, sollte 18.a5 geschehen.} (18. a5
$1 f5 (18... Nc5 19. Qf2 $14) 19. Ne2 fxe4 (19... f4 20. Bxd4 exd4 21. Qxf4 Be5
22. Qg4 Bxh2+ 23. Kh1 Bg3 24. f4 $16) (19... Nxe2+ 20. Qxe2 $16) 20. fxe4 Nf6
21. Bxd4 exd4 22. Qg5 $16) (18. Bxf7 $2 {Stohl} Nf8 $1 19. Bc4 Nxf3+ $17) 18...
f5 19. Rad1 $6 (19. f4 {Stohl} Nf6 $1 $17 {[%cal Rf6e4,Rf6g4] /\Ng4,Ne4}) 19...
Kb8 20. exf5 $2 (20. Ne2 Nb6 21. Bb3 h3 22. g3 Nxb3 23. cxb3 $10) (20. Bb3 $5
$10) (20. b4 $142 $5 {Stohl} Nb6 21. Bd3 Bh6 $15) 20... gxf5 21. f4 $2 (21. Ne2
Nb6 22. Bb3 (22. Bd3 $2 Nxa4 23. c3 Nxb2 24. cxd4 Nxd1 25. Rxd1 f4 26. Bc1 h3
$17) 22... Nxb3 23. cxb3 h3 24. g3 $15) 21... h3 $1 {Eine kalte Dusche !} 22.
g3 (22. fxe5 hxg2 23. Qxg2 Bxe5 24. Bxd4 Bxh2+ 25. Kh1 (25. Kf2 Qf4+ 26. Qf3
Qh4+ 27. Ke2 Rhe8+ $19) 25... Ne5 $1 (25... Be5+ 26. Kg1) 26. Bxe5 (26. Bb3
Rxd4 27. Rxd4 Bf4+ 28. Kg1 Be3+ $19) (26. Bd5 cxd5 $17 {->}) 26... Bxe5+ 27.
Kg1 Bh2+ 28. Kh1 (28. Kf2 Qf4+ $19) 28... Bd6+ 29. Kg1 Bc5+ 30. Rf2 Bxf2+ 31.
Qxf2 Qg7+ 32. Qg2 Rxd1+ 33. Nxd1 Qd4+ $19) 22... Nf6 23. Be2 $138 (23. Bxd4 {
Stohl} exd4 24. Rxd4 Ng4 25. Rxd8+ Qxd8 $1 26. Qe2 Re8 $19) 23... Ng4 $1 24.
Bxg4 fxg4 25. Bxd4 (25. fxe5 Rhf8 $17) 25... exd4 {White's N has no good
squares, on e4 it will be vulnerable, otherwise the c6-h1 diagonal will be
wide open.} 26. Ne4 Rde8 $17 27. Rfe1 $2 (27. Nc5 $17) 27... c5 {[%cal Yc7c6,
Gc6h1] /\Qc6/^a8-h1,עg1} 28. Ng5 (28. Re2 {Stohl} Qc6 29. Rde1 c4 {[%cal
Rd4d3] /\d3-+}) 28... Qc6 29. f5 $2 (29. b3 {Stohl} Bf6 $5 $19 {[%cal Rf6g5] /
\Bg5}) 29... Bh6 $19 30. Ne6 Be3 31. Rxe3 dxe3 32. Qf1 Rxe6 33. fxe6 Qxe6 34.
Qf4+ Ka8 35. Qd6 Qe8 (35... e2 $2 {Stohl} 36. Qd8+ Qc8 37. Qxc8+ Rxc8 38. Re1
$14 {[%csl Re2,Rg4] ><e2,g4}) 36. Qd5 (36. Qxc5 {Stohl} e2 (36... Qe4 $6 37.
Qd5) 37. Re1 Qe4 38. Qf2 Re8 $22 {After the pawn moves run out, White will get
mated.}) 36... e2 (36... e2 {Stohl} 37. Re1 Qe3+ 38. Kh1 Qf2 $19) 0-1